01181nam a2200205 i 4500001000700000003000900007005001700016007000300033008004100036245044200077260006700519300003200586600003100618651006600649651005000715651004900765852002100814999001900835952012100854126749ES-MaACL20250830234019.0t|070214s1916 mx r ||||1| spa d03aLa revolución constitucionalista, los Estados Unidos y el "A. B. C." : brecopilación de documentos y artículos notables referentes a la intromisión de elementos extranjeros en los asuntos interiores de México y a la patriótica actitud asumida por el C. primer jefe Venustiano Carranza / creconocimiento del gobierno constitucionalista por las naciones de Europa, Asia y América ; Los últimos incidentes internacionales. aMéxico : b[s.n.], c1916 (fTall. de `Revista de Revistas`) a301 p., 1 lám. ; c22 cm.14aAlducín, Rafael.9159528 aMéxico-xHistoria-y1910-1917, Revolución armada.9151495 4aMéxico-xRelaciones-zEstados Unidos.99074 4aEstados Unidos-xRelaciones-zMéxico98565 aES-MaACLjG-1866 c126749d126749 00104070aATENEOMbATENEOMcDEPO2d2008-01-17eSCl0oG-1866p1132021r2023-02-23 00:00:00w2023-02-23yMONOGRAFIA